000 00540nam a2200193Ia 4500
005 20250508164254.0
008 008 250505s9999 xx 000 0 eng d
020 _a81-309-0273-7
037 _aReference
040 _aFEDL
_beng
_cFEDL
041 _aeng
_2eng
084 _a510.3, ENC
_qFEDL
100 _aTanton James
_9777808
245 0 _aEncyclopedia of mathematics
260 _aNew Delhi, India
_bViva Books Private Limited
_c2006
300 _aviii,568p.
942 _cREF
_h510.3, ENC
999 _c1388093
_d1388093